Dynamické ekonometrické modely bakalárska práca

Enregistré dans:
Détails bibliographiques
Auteur principal: Teličák, Roman
Collectivité auteur: Fakulta hospodárskej informatiky EU. Katedra operačného výskumu a ekonometrie
Autres auteurs: Lukáčiková, Adriana, 1971-
Format: Livre
Langue:slovaque
Publié: Bratislava 2012
Tags: Ajouter un tag
Pas de tags, Soyez le premier à ajouter un tag!

MARC

LEADER 00000nbm a2200000 4500
001 0156216
005 20161109111945.8
041 0 |a slo 
044 |a SK 
245 1 0 |a Dynamické ekonometrické modely  |b bakalárska práca  |c Roman Teličák ; školiteľ: Adriana Lukáčiková 
264 1 |a Bratislava  |c 2012 
300 |a 40 s. 
100 1 |a Teličák, Roman 
700 1 |a Lukáčiková, Adriana, 1971- 
710 2 |a Fakulta hospodárskej informatiky EU. Katedra operačného výskumu a ekonometrie